000 00446nam a22001817a 4500
005 20260604124711.0
008 260604b |||||||| |||| 00| 0 eng d
020 _a9789358407952
_c598.00
040 _aMAIN
041 _aEnglish
082 _a330.0151
_bBOS
100 _aBose, D.
_927012
245 _aMathematical Economics
260 _aMumbai
_bHimalaya
_c2024
300 _a570
650 _aEconomics (PM USHA)
_926774
942 _cBK
999 _c61005
_d61005